La Plaza de Armas de La Habana : sinfonía urbana inconclusa /

Como se sabe la UNESCO declaró Patrimonio de la Humanidad en 1982, al centro histórico de La Habana, que abarca más de dos kilómetros cuadrados e incluye alrededor de 900 edificios del siglo XVI al XIX. Esta obra estudia el papel que ha desempeñado la Plaza de Armas en el desarrollo urbano de la ciu...

תיאור מלא

שמור ב:
מידע ביבליוגרפי
מחבר ראשי: Segre, Roberto (autor)
פורמט: ספר
שפה:ספרדית
יצא לאור: La Habana, Cuba : Arte y Literatura, 1995, c1995
נושאים:
תגים: הוספת תג
אין תגיות, היה/י הראשונ/ה לתייג את הרשומה!

MARC

LEADER 00000nam^a2200000^a^4500
001 000146442
005 20250521000000.0
009 20260310095911.651
020 |a 959-03-0046-4 
037 |a Acervo ITESO - Biblioteca 
041 |a ESP 
082 |a 720. 9729123  |b SEG 
100 |a Segre, Roberto  |e (autor) 
245 1 3 |a La Plaza de Armas de La Habana :  |b sinfonía urbana inconclusa /  |c R. Segre. 
264 4 |a La Habana, Cuba :  |b Arte y Literatura,  |c 1995, c1995 
300 |a 25, [20] p. 
336 |a texto  |b txt  |2 rdacontenido 
337 |a sin mediación  |b n  |2 rdamedio 
338 |a volumen  |b nc  |2 rdasoporte 
520 |a Como se sabe la UNESCO declaró Patrimonio de la Humanidad en 1982, al centro histórico de La Habana, que abarca más de dos kilómetros cuadrados e incluye alrededor de 900 edificios del siglo XVI al XIX. Esta obra estudia el papel que ha desempeñado la Plaza de Armas en el desarrollo urbano de la ciudad y pone de manifiesto, en ese sentido, que contrario a lo que ocurrió en el resto de las grandes urbes de la América española, la plaza no funcionó como centro simbólico de la ciudad. 
649 |a XX 
650 |a Plazas -  |z La Habana, Cuba -  |x Historia -  |x Tema Principal 
650 |a Plazas -  |z Cuba -  |x Historia 
650 |a Centros Históricos -  |z La Habana, Cuba -  |x Historia 
650 |a Centros Históricos -  |z Cuba -  |x Historia 
650 |a Desarrollo Urbano -  |z La Habana, Cuba -  |x Historia 
650 |a Desarrollo Urbano -  |z Cuba -  |x Historia 
650 |a Urbanismo 
650 |a Arquitectura y Sociedad -  |z La Habana, Cuba -  |x Historia y Crítica 
650 |a Arquitectura y Sociedad -  |z Cuba -  |x Historia y Crítica 
650 |a Arquitectura Cubana -  |x Historia y Crítica 
650 |a Arte Cubano -  |x Historia y Crítica 
650 |a La Habana, Cuba -  |x Historia 
650 |a La Habana, Cuba -  |x Descripción 
650 |a Cuba -  |x Historia 
650 |a Cuba -  |x Descripción 
910 |a Fondo General 
920 |a Impresos - Libros 
930 |a Colección General 
905 |a 101 
901 |a 0500075612  |b IT1  |c ACC  |u 20250521 
902 |a https://opac.biblio.iteso.mx/vufind/Record/000146442